00898nam a22002417a 450000500170000000800410001701700420005802000150010004000230011508200220013810000340016024500800019425000090027426000670028330000350035050400600038565000270044565000330047265100100050594200120051599900170052795201120054420240530110857.0181226s2002 ua ac f b 000 0dara d a2002/17366bمصر. دار الكتب a9770439282 aEG-CaGPLcEG-CaGPL04221a726.2\bم م0 aماجدة سعد الدين 10aالمساجد مدائن التوحيد /cماجدة سعد الدين  aط.1 aالقاهرة : bدار النهضة العربية،c2002  a209 ص. :bايض ؛c24 سم. aيشتمل على ارجاعات ببليوجرافية072qrmakaالمساجد 07aالمساجد xتاريخ  2qrmak 2ddccBK c66056d66056 00104070aCAIbCAIcART-LIBRARYd2021-12-06l0o726.2\ م مp167214r2021-12-06 00:00:00w2021-12-06yBK